[Event "73rd RUS-ch Higher League 2020"]
[Site "Sochi"]
[Date "2020.10.10"]
[Round "3.19"]
[White "Ovchinnikov, Vsevolod"]
[Black "Sarana, Alexey"]
[Result "1-0"]
[WhiteElo "2349"]
[BlackElo "2657"]
[Annotator "TA"]
[PlyCount "199"]
[EventDate "2020.10.08"]
[EventType "swiss"]
[EventCountry "RUS"]
[SourceTitle "playchess.com"]
[Source "ChessBase"]
[SourceQuality "1"]

{[%evp 10,199,20,4,0,10,6,0,28,0,37,23,27,39,63,17,35,25,18,25,43,42,48,45,45,39,51,41,40,36,76,76,68,0,38,31,62,51,51,56,79,86,95,80,78,72,72,59,59,62,64,64,82,66,89,89,91,91,88,87,91,62,91,91,98,98,111,86,86,86,86,86,85,79,72,66,116,138,135,135,159,162,159,163,183,132,132,132,183,107,107,107,108,108,107,107,105,97,97,97,97,90,90,90,119,80,82,81,125,125,125,125,164,163,168,167,162,161,166,147,155,161,150,147,135,136,139,128,135,132,170,163,170,128,150,150,163,163,163,162,163,163,158,146,162,151,158,155,155,162,174,163,228,228,228,228,228,223,219,195,202,195,189,164,266,174,209,185,194,195,317,317,317,310,359,294,5177,4849,5177,4927,1575,1567,29983,29984,29984,29985,29985,29979,29985,29986,29986,29983]} 1. d4 Nf6 2. c4 e6 3. g3 d5 4. Nf3 dxc4 5. Bg2 a6 6. Ne5 Bb4+ {E04: Open Catalan: 5 Nf3.} 7. Nc3 Nd5 8. O-O {And now Nxd5 would win.} O-O {The position is equal.} 9. Qc2 Nb6 {[#]} 10. Rd1 $146 ({Predecessor:} 10. Na4 Qxd4 11. Nf3 Qd8 12. Ng5 f5 13. Nxb6 cxb6 14. Qxc4 Qe7 15. Bf4 b5 16. Qb3 {0-1 (73) Schandorff,L (2492)-Drozdovskij,Y (2608) Borup 2010}) 10... f6 11. Ng4 Bd6 12. Ne3 Nc6 13. Bxc6 bxc6 14. Ne4 Be7 15. Nxc4 Nxc4 16. Qxc4 Qd5 17. Qc2 a5 18. Bf4 Ra7 19. a3 Bd7 20. Nc5 {Threatens to win with e4.} Bc8 21. Ne4 (21. Rac1 $14) 21... Qf5 22. Rac1 Rd8 23. Be3 Ra6 24. f3 Kf7 25. Rd2 Bd7 26. g4 Qg6 27. Nc5 (27. Bf4 {looks sharper.} Ra7 28. e3 Rb8 29. Qc3 a4 30. Rg2) 27... Qxc2 28. Rdxc2 Bxc5 29. Rxc5 Rb8 30. R1c2 a4 31. Bc1 Ke7 32. h4 Be8 33. Kf2 Kd7 34. e4 Bf7 35. Ke2 Rb3 36. Bd2 Rb5 37. Bb4 Rab6 38. Ke3 (38. R5c3 {is more complex.} h5 39. Ke3 Be8 40. g5 fxg5 41. Rg2) 38... Rxc5 39. Rxc5 $16 {[%mdl 4096] Endgame KRB-KRB} Rb5 40. Rc2 h5 41. g5 fxg5 42. Rg2 $1 e5 43. dxe5 Rxe5 {[#]} 44. Bc3 $1 {[%cal Rc3e5]} Re8 45. Rxg5 ({Don't play} 45. hxg5 $6 g6 $16) 45... g6 46. Kf4 Rb8 47. Ra5 (47. Ke5 $18) 47... Bb3 48. Kg5 Rf8 (48... Bd1 $16 {keeps fighting.} 49. Kxg6 Bxf3) 49. Kxg6 (49. Bf6 $18) 49... Rxf3 50. Kxh5 Rf4 51. Kg5 Rxe4 52. h5 Bc2 53. Rf5 Re2 54. Rf7+ Kd6 55. Rf6+ Kd5 56. Rf4 Rg2+ 57. Kh6 c5 58. Rf7 c6 59. Rg7 Re2 60. Rg5+ Kc4 61. Kg7 Re7+ 62. Kf8 Re6 63. Kf7 Rd6 64. Ke7 Rd5 65. Re5 Rd1 66. h6 Rh1 67. Re6 Kb5 68. Kf8 Rf1+ 69. Rf6 Rg1 70. Rf2 Bb1 71. Kf7 Ba2+ 72. Kf6 {Black must now prevent h7.} Bb1 {intending ...Rg6+.} 73. Rh2 {Hoping for h7.} Bh7 74. Rh4 Rg3 75. Ke6 Re3+ 76. Be5 Re2 77. Rh2 Re1 78. Rh5 Kb6 79. Kf6 Rg1 80. Rg5 Rh1 (80... Rd1 {might work better.} 81. Kf7 Rh1) 81. Kg7 $18 Bb1 82. Bd6 c4 83. Bc5+ Ka6 84. Bb4 Kb6 85. Ba5+ Kb7 86. Bc3 Rd1 (86... Kc7 $142 87. Ra5 Bc2) 87. Bf6 Rd7+ 88. Kg8 {aiming for Rg7.} Rd6 89. Rg7+ Ka6 {[#]} (89... Kb6 {was necessary.}) 90. Rf7 $1 c3 91. bxc3 Ba2 {...Rxf6 is the strong threat.} 92. Kg7 {Strongly threatening h7.} Bxf7 $2 (92... Bb1 93. h7 Bxh7 94. Kxh7 Kb5) 93. h7 Bb3 94. h8=Q {Intending Qc8+ and mate.} Rd7+ 95. Kh6 Kb5 96. Qb8+ {White mates.} Kc4 97. Qf4+ Kc5 {[#]} 98. Be7+ $1 Kb6 (98... Rxe7 99. Qd4+) 99. Qb8+ Ka6 100. Bc5 {Accuracy: White = 83%, Black = 73%.} 1-0

[Event "73rd RUS-ch Higher League 2020"]
[Site "Sochi"]
[Date "2020.10.10"]
[Round "3.20"]
[White "Obgolts, Erik"]
[Black "Lobanov, Sergei"]
[Result "*"]
[WhiteElo "2376"]
[BlackElo "2510"]
[Annotator "TA"]
[PlyCount "42"]
[EventDate "2020.10.08"]
[EventType "swiss"]
[EventCountry "RUS"]
[SourceTitle "playchess.com"]
[Source "ChessBase"]
[SourceQuality "1"]

{[%evp 10,42,24,27,31,12,8,15,8,0,18,15,24,13,34,-13,-7,-9,22,0,0,0,0,0,30,-34,-35,-62,0,0,0,0,0,-34,-34]} 1. e4 c5 2. Nf3 d6 3. Bb5+ Nc6 4. O-O Bd7 5. Re1 Nf6 6. c3 a6 {B51: Sicilian: Moscow Variation (3 Bb5+) without 3...Bd7.} 7. Bc4 Bg4 8. d4 Bxf3 {The position is equal.} 9. gxf3 e6 10. d5 Ne5 11. Bf1 g5 12. Nd2 Rg8 13. Kh1 {[#]} Nh5 $146 ({But not} 13... exd5 $6 14. exd5 Be7 15. Nc4 $14) ({Predecessor:} 13... Qd7 14. Nc4 Nxc4 15. Bxc4 e5 16. Rg1 h6 17. a4 Be7 18. a5 Kf8 19. Bf1 Nh5 {½-½ (59) Zelbel,P (2456)-Kokje,J (2282) Groningen 2017}) 14. dxe6 fxe6 15. Nc4 Qf6 16. Nxe5 Qxe5 17. Qb3 ({White should try} 17. Rb1 $11) 17... O-O-O $15 18. Bd2 Rg6 (18... Rd7 $15) 19. Qb6 $11 Rd7 20. Qa7 Kd8 21. Qb8+ Ke7 {Accuracy: White = 72%, Black = 79%.} *

[Event "73rd RUS-ch Higher League 2020"]
[Site "Sochi"]
[Date "2020.10.10"]
[Round "3.21"]
[White "Nesterov, Arseniy"]
[Black "Tugarin, Anton"]
[Result "1-0"]
[WhiteElo "2510"]
[BlackElo "2224"]
[Annotator "TA"]
[PlyCount "97"]
[EventDate "2020.10.08"]
[EventType "swiss"]
[EventCountry "RUS"]
[SourceTitle "playchess.com"]
[Source "ChessBase"]
[SourceQuality "1"]

{[%evp 17,97,7,25,0,-4,-2,26,15,20,0,0,0,2,0,0,0,0,0,0,0,0,0,0,0,0,0,0,0,0,0,60,61,64,57,60,52,78,36,43,36,39,41,104,104,99,81,101,0,0,0,0,0,0,0,0,0,0,0,1,5,162,162,162,117,812,752,1933,1761,1870,1900,1752,1522,1328,784,12839,12839,12839,12839,12840,12840,12841,12841]} 1. d4 Nf6 2. c4 g6 3. Nc3 d5 4. cxd5 Nxd5 5. e4 Nxc3 6. bxc3 Bg7 7. Qa4+ Nd7 8. Nf3 O-O 9. Be2 c5 {9...Nb6 is the modern continuation.} 10. O-O {D85: Exchange Grünfeld: Unusual White 7th moves and lines with 7 Nf3.} cxd4 11. cxd4 Nb6 12. Qa3 {White has an edge.} Bg4 13. Rd1 Bxf3 14. gxf3 e6 15. Be3 Qh4 16. Qb3 Bh6 17. a4 {[#]} Bxe3 $146 ({Predecessor:} 17... Rac8 18. a5 Nd7 19. Rac1 Nf6 20. Bxh6 Qxh6 21. Qe3 Qh4 22. f4 Nh5 23. Bxh5 Qxh5 {½-½ (47) Moiseenko,A (2689)-Lorparizangeneh,S (2454) Doha 2015}) 18. fxe3 Rac8 19. a5 Nd7 20. e5 Rc7 21. Rac1 Rfc8 22. Rxc7 Rxc7 23. f4 Qd8 (23... Kg7 $11) 24. d5 $36 {[%mdl 2048] White has the initiative.} exd5 25. Qxd5 {aiming for e6.} Qe7 $1 26. Qd6 Nf8 $1 27. Bf3 Ne6 28. Qxe7 Rxe7 {[%mdl 4096] Endgame KRB-KRN} 29. Rb1 Nc5 ({Black should play} 29... g5 $14) 30. Rb5 $16 Rc7 31. Bd5 Kf8 32. Kf2 (32. Kg2 $16) 32... Nd3+ $1 $11 33. Kf3 Rc5 34. Rxc5 ({Don't play} 34. Rxb7 Rxd5 35. Rxa7 Nb4 $17) 34... Nxc5 {KB-KN} 35. Bc4 Ke7 36. e4 Ne6 37. f5 Nd4+ 38. Ke3 Nc6 $2 (38... Nc2+ $1 $11 39. Kf4 gxf5) 39. f6+ $18 Kf8 {[#]} 40. e6 $1 fxe6 $2 {[%mdl 8192]} (40... Nxa5 $16 41. Bd5 Nc6) 41. Bxe6 {White is clearly winning.} Nxa5 42. e5 Nc6 43. Ke4 a5 44. Bb3 b5 45. e6 a4 46. Bd5 Ne7 47. fxe7+ Kxe7 {[#]} 48. Ke5 $1 b4 49. Bc6 {Accuracy: White = 91%, Black = 66%.} 1-0

[Event "73rd RUS-ch Higher League 2020"]
[Site "Sochi"]
[Date "2020.10.10"]
[Round "3.22"]
[White "Murzin, Volodar"]
[Black "Rodchenkov, Vitaly"]
[Result "1-0"]
[WhiteElo "2465"]
[BlackElo "2321"]
[Annotator "TA"]
[PlyCount "109"]
[EventDate "2020.10.08"]
[EventType "swiss"]
[EventCountry "RUS"]
[SourceTitle "playchess.com"]
[Source "ChessBase"]
[SourceQuality "1"]

{[%evp 9,109,0,44,35,49,41,34,54,52,35,43,47,51,41,57,62,59,56,58,58,54,50,77,67,102,99,147,133,140,113,119,154,187,186,189,104,82,94,109,108,133,135,137,136,140,140,146,126,139,113,103,83,84,72,73,62,70,70,50,35,56,18,18,14,13,-4,23,22,50,40,81,70,115,115,115,98,98,98,113,40,210,202,173,85,91,64,160,67,177,185,347,329,428,371,380,401,390,364,387,375,448,438]} 1. e4 c5 2. Nf3 e6 3. g3 Nc6 4. Bg2 Nf6 5. Qe2 g6 6. O-O {B40: Sicilian: 2...e6, Unusual lines.} Bg7 7. c3 O-O 8. d4 {White is slightly better.} d5 9. e5 Nd7 10. Rd1 {[#]} b6 $146 ({Predecessor:} 10... Rb8 11. h4 b5 12. Bh3 b4 13. Bg5 Qa5 14. h5 bxc3 15. bxc3 Re8 16. hxg6 hxg6 {0-1 (37) Munoz Monroy,C (2066)-Chirivi Castiblanco,J (2164) Bagre 2018}) 11. Bg5 Qc7 12. Na3 {[%cal Bb1a3,Ba3c2,Bc2e3][%mdl 32]} a6 13. Bf4 Bb7 14. Nc2 h6 15. h4 Qd8 16. Ne3 cxd4 17. cxd4 f6 {[%cal Rf6e5]} 18. exf6 Nxf6 19. Ne5 Nxe5 20. Bxe5 Qd7 21. Rac1 Rac8 22. Rc2 ({White should try} 22. Bh3 $18) 22... Rxc2 23. Qxc2 Qf7 24. Qd2 Kh7 25. Rc1 $1 {[%cal Rc1c7]} Rc8 26. Rxc8 Bxc8 27. Qb4 b5 28. Qc5 Bb7 29. Qa7 h5 30. Bf4 Qd7 31. Bh3 Bc8 32. Qb6 Ne4 33. Nc2 Qf7 34. Bf1 (34. Bg2 {with more complications.} Bh6 35. Ne1 Bxf4 36. gxf4 Qxf4 37. Qa7+) 34... Bh6 35. Qc7 (35. Qb8 {is interesting.} Qb7 36. Ne1 Qxb8 37. Bxb8 g5 38. hxg5 Bxg5 39. Nd3) 35... Qxc7 36. Bxc7 Bc1 37. b3 Bd2 38. Bd3 Bh6 39. f3 Nf6 40. Kf2 Bf8 41. Ne1 Bg7 42. Be5 Nd7 43. Bxg7 Kxg7 $16 {[%mdl 4096] Endgame KBN-KBN} 44. Nc2 ({Better is} 44. Bc2 $16) 44... e5 $2 {[#]} (44... Nb8 $14) 45. Ke3 $1 $18 Kf6 46. dxe5+ (46. Nb4 $18 {and White stays clearly on top.}) 46... Nxe5 $16 47. Be2 Ke7 (47... Nc6 $1 $14) 48. Nd4 (48. Nb4 $16) 48... Bd7 (48... Kf6 $14) 49. Kf4 $18 Kf6 $2 {[#]} (49... Nf7 50. g4 Kd6) 50. g4 $1 {[%cal Rg4g5] Hoping for g5+.} hxg4 51. fxg4 {g5+ is the strong threat.} Nf7 52. g5+ Kg7 53. Bd3 Bh3 54. Nc6 Bg2 55. Ne7 {Accuracy: White = 77%, Black = 58%.} 1-0

[Event "73rd RUS-ch Higher League 2020"]
[Site "Sochi"]
[Date "2020.10.10"]
[Round "3.23"]
[White "Lugovskoy, Maxim"]
[Black "Kardashevskiy, Evgeny"]
[Result "1-0"]
[WhiteElo "2420"]
[BlackElo "2449"]
[Annotator "TA"]
[PlyCount "61"]
[EventDate "2020.10.08"]
[EventType "swiss"]
[EventCountry "RUS"]
[SourceTitle "playchess.com"]
[Source "ChessBase"]
[SourceQuality "1"]

{[%evp 17,61,-7,8,0,8,6,15,10,15,14,21,18,24,-212,-202,-183,-150,-152,-99,-166,-121,-141,-137,-153,-119,-152,-39,-179,698,696,693,688,672,712,672,670,1111,1081,1229,1092,29975,12357,5414,5414,29983,6370]} 1. e4 e5 2. Nf3 Nf6 3. Nc3 Nc6 4. d4 exd4 5. Nxd4 Bb4 6. Nxc6 bxc6 7. Bd3 d5 8. exd5 cxd5 9. O-O O-O 10. h3 {C47: Scotch Four Knights and Four Knights with 4 g3.} c5 11. Qf3 Be6 12. Rd1 {The position is equal.} Qe7 13. Bg5 Bxc3 14. bxc3 {[#]} c4 $146 ({Predecessor:} 14... h6 15. Be3 c4 16. Bf1 Ne4 17. Bd4 Qc7 18. Qe3 Rfe8 19. Re1 Bd7 20. Qc1 Re6 {0-1 (72) Haring,F (2298)-Kriebel,T (2516) Slovakia 2020}) 15. Bxh7+ $2 (15. Be2 $11 {and White has nothing to worry.}) 15... Kxh7 $19 16. Rd4 Rh8 17. Rf4 {[%cal Rg5f6]} Kg8 (17... Qf8 $142 $1 {Threatens to win with ...Ne4.} 18. Bxf6 gxf6 19. Rxf6 Kg8) 18. Re1 (18. Rxf6 $17 gxf6 19. Bxf6) 18... Qd6 {aiming for ...Ne4.} 19. Rxf6 gxf6 20. Qxf6 {White wants to play Re3.} Rh7 21. Re3 {Black must now prevent Bh6.} Rg7 ({Black should play} 21... Qb6 $17 {And now ...Rg7 would win.} 22. Bf4 Kf8) 22. Rg3 (22. Bf4 $1 $15 Qd8 23. Rxe6) 22... Qf8 $4 {[%mdl 8192] [#]} (22... Qb6 $19 23. Qh6 f6 $1 {[%mdl 512]} 24. Bxf6 Rxg3) 23. Bh6 $1 $18 {[%cal Rg3g7][%mdl 576] Skewer} Rxg3 24. fxg3 (24. Bxf8 $2 {perishes.} Rg6 $17) 24... Qxh6 25. Qxh6 {[%mdl 4096] Endgame KQ-KRB} Rb8 26. h4 a5 27. h5 a4 28. a3 Rc8 {[#]} 29. g4 $1 d4 (29... Bxg4 30. Qg5+) 30. cxd4 c3 {[#]} 31. d5 $1 {Quite a comeback for White. Accuracy: White = 71%, Black = 37%.} 1-0

[Event "73rd RUS-ch Higher League 2020"]
[Site "Sochi"]
[Date "2020.10.10"]
[Round "3.24"]
[White "Pogosyan, Stefan"]
[Black "Sergeyev, Alexander"]
[Result "1-0"]
[WhiteElo "2442"]
[BlackElo "2374"]
[Annotator "TA"]
[PlyCount "63"]
[EventDate "2020.10.08"]
[EventType "swiss"]
[EventCountry "RUS"]
[SourceTitle "playchess.com"]
[Source "ChessBase"]
[SourceQuality "1"]

{[%evp 9,63,-10,34,18,34,25,52,19,25,14,12,-18,-6,-11,-15,-30,-24,-26,-25,-19,0,-14,36,29,34,0,31,43,37,24,16,17,23,25,28,25,42,50,54,50,58,16,17,0,0,0,49,52,52,46,54,50,218,216,1502,1458]} 1. d4 d5 2. c4 c6 3. Nf3 Nf6 4. Qc2 dxc4 5. Qxc4 b5 6. Qc2 {D23: Queen's Gambit Accepted: 3 Nf3 Nf6 sidelines.} Bb7 7. e4 e6 8. Bg5 {White is slightly better.} Nbd7 9. Nbd2 h6 10. Bh4 Qb6 11. a4 Bb4 12. Bxf6 Nxf6 13. Bd3 O-O 14. O-O Rac8 15. Nb3 {[#]} a5 $146 ({Predecessor:} 15... bxa4 16. Nc5 Rfd8 17. Rfc1 Nd7 18. Be2 a5 19. Rxa4 Nxc5 20. dxc5 Qa7 21. Qc4 Ra8 {½-½ (44) Stefanova,A (2531)-Ziaziulkina,N (2330) Albena 2013}) 16. Nc5 Rfd8 17. Rfc1 Nd7 (17... Ba8 {is interesting.} 18. e5 Nd7 19. axb5 Nxc5 20. dxc5 Qb8) 18. Nxb7 Qxb7 19. axb5 cxb5 20. Qe2 Rxc1+ 21. Rxc1 Rb8 22. e5 Be7 23. Be4 Qb6 24. Rc6 Qd8 25. d5 exd5 26. Bxd5 {[#] Black must now prevent e6.} Nc5 27. Ba2 $36 {[%mdl 2048] White has some pressure.} Rb6 28. Rxb6 Qxb6 29. Nd4 {aiming for Qh5.} b4 30. Qf3 Qg6 $2 {[#]} ({Better is} 30... b3 $14 31. Nxb3 (31. Bxb3 Nxb3 32. Nxb3 Qb4 $15) 31... Ne6) 31. Nf5 $1 $18 {[%cal Rf5e7]} Bf8 $2 (31... Bd8 32. h4 b3) 32. Nh4 {Accuracy: White = 80%, Black = 67%.} 1-0

[Event "73rd RUS-ch Higher League 2020"]
[Site "Sochi"]
[Date "2020.10.10"]
[Round "3.25"]
[White "Stukan, Martin"]
[Black "Rodin, Dmitrij"]
[Result "1/2-1/2"]
[WhiteElo "2316"]
[BlackElo "2388"]
[Annotator "TA"]
[PlyCount "123"]
[EventDate "2020.10.08"]
[EventType "swiss"]
[EventCountry "RUS"]
[SourceTitle "playchess.com"]
[Source "ChessBase"]
[SourceQuality "1"]

{[%evp 14,123,43,33,37,42,52,50,54,51,43,21,61,-34,-18,-19,-19,-22,0,-43,-40,-52,0,0,0,15,48,27,35,17,68,62,135,137,189,66,77,75,67,64,62,56,57,60,73,53,63,62,102,22,87,81,98,39,64,17,12,0,0,0,56,54,53,50,183,30,8,0,0,0,0,0,0,8,8,8,8,8,8,0,0,-8,-8,-8,-8,-8,-8,-8,-8,-8,-8,-8,-8,-8,-8,-8,-8,-8,-8,-8,-8,-8,0,-8,-8,-8,-8,-8,-8,-8,-8,-8]} 1. e4 c5 2. Nf3 d6 3. d4 cxd4 4. Nxd4 Nf6 5. Nc3 a6 6. h3 g6 7. g4 Bg7 8. Bg2 O-O {B90: Sicilian Najdorf: Unusual White 6th moves, 6 Be3 Ng4 and 6 Be3 e5.} 9. Be3 $1 {9.Be3 scores better than 9.0-0.} Nc6 10. Qd2 Bd7 {White is slightly better.} 11. O-O-O Rc8 12. Kb1 b5 {[%cal Bb7b5,Bb5b4][%mdl 32] [#]} 13. b3 $146 (13. g5 $14 Nh5 14. Nxc6 Bxc6 15. Nd5) ({Predecessor:} 13. g5 b4 14. Nce2 Nh5 15. Bf3 Ne5 16. Bxh5 Nc4 17. Qd3 gxh5 18. Bc1 Bb5 19. Qf3 {½-½ (29) Stoyanov,Z (2466)-Yamaliev,V (2470) ICCF email 2014}) 13... Qc7 14. g5 b4 $1 {[%cal Rb4c3]} 15. Nce2 Nh5 16. Bf3 Nxd4 $1 17. Nxd4 Nf4 ({Black should play} 17... Qa5 $1 $15) 18. Bxf4 $11 {[#] Threatens to win with Be3.} Bxd4 19. Qxd4 e5 20. Qb2 {Black must now prevent Bd2.} exf4 21. h4 Qb6 (21... Rfe8 $11) 22. Qd4 $1 $14 {[%cal Rd4b6]} Qa5 (22... Qc6 $14) 23. Rd2 $16 ({Worse is} 23. Qxd6 Rxc2 24. a4 Rc3 $17) 23... Be6 (23... Rc3 $16) 24. h5 (24. Qxd6 $18 Rfd8 25. Qxf4) 24... Qxg5 $14 25. hxg6 ({But not} 25. Qxd6 a5 $11) 25... fxg6 26. Qxb4 a5 27. Qxd6 Bf7 $1 28. Rhd1 Rfe8 29. Qd4 h5 30. Be2 h4 31. Bf1 (31. Ba6 $16 Rc7 32. Rh1) 31... f3 (31... Be6 $11 {remains equal.}) 32. Bh3 Rc5 33. Rd3 (33. Bg4 $16) 33... Rce5 $1 34. Rxf3 Rxe4 35. Qd7 R4e7 36. Qd2 Qh5 (36... Qxd2 $11 37. Rxd2 Kg7) 37. Rf4 Re2 38. Qd4 g5 {[#]} (38... R2e4 $14 39. Rxe4 Rxe4 40. Qxe4 Qxd1+ 41. Kb2 Qd8) 39. Bg4 $2 (39. Rf5 $1 $18 R2e4 40. Qd2 Qxd1+ 41. Qxd1) 39... Qg6 $132 {[%mdl 2048] Black puts up resistance} 40. Bxe2 {The position is equal.} Rxe2 41. Qd8+ {[%mdl 64] Double Attack} Re8 $1 {[%cal Re8d8]} 42. Rf6 Rxd8 43. Rxg6+ Bxg6 44. Rxd8+ {[%mdl 4096] Endgame KR-KB} Kg7 45. Rd1 {Hoping for Rh1.} Be4 $1 46. Re1 Bf3 47. c3 h3 48. b4 h2 49. Kc2 axb4 50. cxb4 h1=Q 51. Rxh1 Bxh1 {KB-K3P} 52. Kd3 Kf6 53. a4 Ke5 54. Ke3 Bd5 55. b5 Bc4 56. Kf3 Kf5 57. Ke3 Ke5 58. Kf3 Be6 59. a5 Bd7 60. a6 {aiming for a7.} Bxb5 61. Kg4 Kf6 62. f4 {Accuracy: White = 78%, Black = 80%.} 1/2-1/2

[Event "73rd RUS-ch Higher League 2020"]
[Site "Sochi"]
[Date "2020.10.11"]
[Round "4.2"]
[White "Rakhmanov, Aleksandr"]
[Black "Goganov, Aleksey"]
[Result "1/2-1/2"]
[WhiteElo "2646"]
[BlackElo "2573"]
[Annotator "TA"]
[PlyCount "80"]
[EventDate "2020.10.08"]
[EventType "swiss"]
[EventCountry "RUS"]
[SourceTitle "playchess.com"]
[Source "ChessBase"]
[SourceQuality "1"]

{[%evp 21,80,21,20,19,33,0,6,-11,0,-37,-10,-10,-8,-8,-4,-7,-7,-7,-7,-8,-6,-18,-18,-18,-22,-18,-21,-20,-18,-22,-22,-22,-11,-22,-23,-24,-27,-23,-26,-17,-25,-39,-26,-28,-12,-27,-8,-11,0,0,0,0,0,0,0,0,0,0,0,0,0]} 1. c4 c5 2. Nf3 Nf6 3. Nc3 Nc6 4. g3 d5 5. d4 e6 6. cxd5 Nxd5 7. Bg2 cxd4 8. Nxd4 Nxc3 9. bxc3 Nxd4 10. Qxd4 Qxd4 11. cxd4 Bd6 12. O-O {D41: Queen's Gambit Declined: Semi-Tarrasch with 5 cxd5.} Rb8 13. Bb2 {[#]} O-O $146 ({Predecessor:} 13... b6 14. Rfc1 Kd7 15. Bc6+ Kd8 16. e4 f6 17. Kg2 Bb7 18. Bxb7 Rxb7 19. f4 Kd7 {½-½ (38) Kovalyov,A (2617)-Nakamura,H (2789) Baku 2016}) 14. f4 Bd7 15. d5 Rfe8 16. Bd4 b6 17. Bh3 Rbd8 18. dxe6 Bxe6 19. Bxe6 Rxe6 20. e3 Ba3 21. Rfb1 Rc6 22. Rb3 Bc5 23. Bxc5 Rxc5 $11 {[%mdl 4096] Endgame KRR-KRR} 24. Rb2 Kf8 25. Kf2 Ke7 26. Kf3 Rd3 27. Re1 Kd6 28. Ree2 b5 29. Red2 Rxd2 30. Rxd2+ {KR-KR} Rd5 31. Rc2 Rd3 32. Ke4 Ra3 33. g4 a5 34. h4 {The position is equal.} b4 35. h5 a4 36. Kd4 h6 37. g5 b3 38. axb3 Rxb3 39. gxh6 gxh6 40. Rc8 Rb4+ {Accuracy: White = 92%, Black = 96%.} 1/2-1/2

[Event "73rd RUS-ch Higher League 2020"]
[Site "Sochi"]
[Date "2020.10.11"]
[Round "4.3"]
[White "Ponkratov, Pavel"]
[Black "Antipov, Mikhail Al."]
[Result "1/2-1/2"]
[WhiteElo "2628"]
[BlackElo "2591"]
[Annotator "TA"]
[PlyCount "81"]
[EventDate "2020.10.08"]
[EventType "swiss"]
[EventCountry "RUS"]
[SourceTitle "playchess.com"]
[Source "ChessBase"]
[SourceQuality "1"]

{[%evp 10,81,29,29,35,16,6,12,14,18,24,12,31,-25,-13,-19,0,-23,40,50,52,41,61,4,15,0,-14,-16,-14,-24,7,0,0,-25,-17,-17,-18,-30,0,0,0,0,58,86,57,0,2,0,0,0,0,0,6,0,0,-31,-13,-41,-43,-45,-46,-530,-22,-17,0,-4,-1,-9,0,0,0,0,0,-3]} 1. d4 Nf6 2. c4 g6 3. f3 c5 4. d5 Bg7 5. e4 d6 6. Nc3 e6 {E80: King's Indian: Sämisch: Lines without early ...0-0.} 7. Nge2 $1 {[%mdl 4] is recently more successful than 7.Bg5.} exd5 8. cxd5 Nbd7 9. Ng3 h5 10. Be2 Nh7 {[#]} 11. f4 $146 ({Better is} 11. Nf1 $14) ({Predecessor:} 11. Nf1 Qh4+ 12. g3 Qe7 13. Ne3 O-O 14. a4 Ne5 15. O-O Bh3 16. Re1 Rae8 17. Bd2 {1-0 (77) Ding,L (2812)-Grischuk,A (2771) Shamkir 2019}) 11... O-O $11 12. Bf3 a6 13. a4 Qh4 (13... Re8 $11) 14. O-O $14 Bd4+ 15. Kh1 Ndf6 16. Qe1 (16. Qd3 $14) 16... Ng4 $11 17. Bxg4 Bxg4 18. Be3 f5 19. Qf2 Bxc3 (19... Qe7 {seems wilder.} 20. Bxd4 cxd4 21. Qxd4 h4 22. Nge2 Bxe2 23. Nxe2 Qxe4 24. Qf2 h3) 20. bxc3 {Strongly threatening e5.} fxe4 $1 21. Rab1 {[#]} b5 $1 {[%mdl 512]} 22. axb5 axb5 23. Rxb5 Bd7 24. Rb6 Qe7 25. h3 Rfb8 (25... Nf6 $11) 26. Rxb8+ (26. Bxc5 $5 dxc5 27. Rxg6+ Kh8 28. Qe3 $11) 26... Rxb8 27. Re1 (27. f5 $14 Rf8 28. Bh6) 27... Nf6 28. c4 h4 $36 {[%mdl 2048] Black has the initiative.} 29. Nf1 Nh5 30. Qc2 Ng3+ 31. Nxg3 hxg3 32. Bc1 Qf6 33. Qd2 Qd4 34. f5 $1 Qf2 35. Rg1 $2 {[%mdl 8192]} ({Only move:} 35. Qa5 $1 $15) 35... Qxd2 $2 (35... Bxf5 $19 {Hoping for ...Rb1.} 36. Rd1 Rf8 37. Qxf2 gxf2) 36. Bxd2 {The position is equal.} Bxf5 $19 {KRB-KRB} 37. Bf4 Rb3 38. Re1 {[#]} e3 $1 {[%mdl 512]} 39. Bxg3 {[#]} (39. Rxe3 Rb1+) 39... e2 $1 {[%mdl 512]} 40. Bxd6 (40. Rxe2 Rxg3) 40... Bd3 41. Bxc5 {Accuracy: White = 74%, Black = 81%.} 1/2-1/2